000 00567nam a2200169Ia 4500
005 20250508155059.0
008 008 250505s9999 xx 000 0 eng d
037 _aTextual
040 _aFEDL
_beng
_cFEDL
041 _aeng
_2eng
084 _a371.62095, UNE
_qFEDL
245 0 _aPrimary school buildings in Asia : Administration, facilities and programmes
260 _aBangkok, Thailand
_bUNESCO Regional Office for Education in Asia and the Pacific
_c1966
300 _aiv,62p.
942 _cTEXL
_h371.62095, UNE
999 _c1354000
_d1354000